000 00560nam a22002177a 4500
003 UA-OsUOA
001 42600
007 ta
008 20061113b un ||||| |||| 00| 0 ukr d
100 _aКисельов М.
090 _a32
_bК-11
942 _cSA
040 _aUA-OsUOA
_bukr
_cUA-OsUOA
_dUA-OsUOA
245 _aУкраїна на геополітичному рождоріжжі
300 _aС.70-87
955 _a0
041 _aukr
080 _a32
773 0 _w42599
_tСучасність
_dК.
_d2006
_g7
650 7 _a32 Політика
_2UDC
999 _c328731
_d328731